Robojit and the Sand Planet/ (Record no. 208955)

MARC details
000 -LEADER
fixed length control field 00676nam a22002177a 4500
005 - DATE AND TIME OF LATEST TRANSACTION
control field 20250207120929.0
010 ## - LCCN (DPL NO)
LC control number ENG-143711
020 ## - INTERNATIONAL STANDARD BOOK NUMBER
International Standard Book Number 8188555104-X
Terms of availability 150.00
035 ## - SYSTEM CONTROL NUMBER
System control number EN-127243
035 ## - SYSTEM CONTROL NUMBER
System control number EN-127243
037 ## - SOURCE OF ACQUISITION
Source of stock number/acquisition DBAD
082 ## - DEWEY DECIMAL CLASSIFICATION NUMBER
Classification number S
100 ## - MAIN ENTRY--PERSONAL NAME
Personal name Rakesh Raman
245 ## - TITLE STATEMENT
Title Robojit and the Sand Planet/
Statement of responsibility, etc By Rakesh Raman
Medium English
260 ## - PUBLICATION, DISTRIBUTION, ETC. (IMPRINT)
Place of publication, distribution, etc New Delhi
Name of publisher, distributor, etc Raman Media Network
Date of publication, distribution, etc 2011
270 ## - ADDRESS
Address 463,DPS Apartments Plot No.16, Sector-4 Dawarka, Phase-1
City New Delhi
Postal code 110075
Electronic mail address rrthakur@hotmail.com
300 ## - PHYSICAL DESCRIPTION
Extent 188p.
Other physical details Conclusion, Reference
Dimensions 19cm(pbk)
700 ## - ADDED ENTRY--PERSONAL NAME
Personal name Raman Rakesh
Relator term Author
9 (RLIN) 77415
700 ## - ADDED ENTRY--PERSONAL NAME
9 (RLIN) 77416
942 ## - ADDED ENTRY ELEMENTS (KOHA)
Source of classification or shelving scheme Dewey Decimal Classification
Item type English Books
Classification part S
Call number suffix RAM
Holdings
Withdrawn status Lost status Not for loan Home library Current library Date acquired Source of acquisition Cost, normal purchase price Full call number Barcode Copy number Cost, replacement price Koha item type
      Central Library Central Library 07/02/2025 DBAD 150.00 S RAM EN-127243 1 150.00 English Books

© Delhi Public Library
Hit Counter
free hit counter